Rainbow - Sudden Death - Statistics

General Stats
  • This quiz has been taken 584 times
    231 since last reset
  • The average score is 5 of 7
Answers on the Grid
Answers color-coded by a green-red scale on the quiz's grid according to % correct below.
Red
Orange
Yellow
Green
Blue
Indigo
Violet
Pink
White
Black
Brown
Purple
Cyan
Magenta
Gold
Silver
Grey
Beige
Navy
Turquoise
 
Answer Stats
Answer % Correct
Blue
79%
Red
79%
Green
78%
Yellow
78%
Orange
76%
Indigo
61%
Violet
61%
No matching quizzes found
Score Distribution
Percent of People with Each Score
Percentile by Number Answered
Your Score History
You have not taken this quiz since the last reset